书目信息 |
| 题名: |
Visual Basic编程基础与应用实例
|
|
| 作者: | ;贺安亚 , 周爱民 , 李彦强 编著 ;全国计算机表演赛培训教材编委会 组织编写 | |
| 分册: | ||
| 出版信息: | 北京 机械工业出版社 2003.03 |
|
| 页数: | 225页 | |
| 开本: | 26cm | |
| 丛书名: | ||
| 单 册: | ||
| 中图分类: | TP312 , TP312 | |
| 科图分类: | ||
| 主题词: | Basic语言--basic yu yan--程序设计 , 软件 | |
| 电子资源: | ||
| ISBN: | 7-111-11730-1 | |
| 000 | 01142cam0 2200337 45 | |
| 001 | 1368 | |
| 005 | 20050603112010.19 | |
| 010 | @a7-111-11730-1@dCNY 29.00 | |
| 010 | @a7-900136-24-X@b光盘 | |
| 099 | @aCAL 012003063141 | |
| 100 | @a20030408d2003 em y0chiy0121 ea | |
| 101 | 0 | @achi |
| 102 | @aCN@b110000 | |
| 105 | @aak a 000yy | |
| 200 | 1 | @aVisual Basic编程基础与应用实例@Avisual basic bian cheng ji chu yu ying yong shi li@f全国计算机表演赛培训教材编委会组织编写 |
| 210 | @a北京@c机械工业出版社@d2003.03 | |
| 215 | @a225页@c图 (部分彩图)@d26cm@e光盘1片 | |
| 314 | @a附加题名页题:本书编著者周爱民, 李彦强, 贺安亚 | |
| 320 | @a有书目 (第255页) | |
| 606 | 0 | @aBasic语言@Abasic yu yan@x程序设计 |
| 606 | 0 | @a软件 |
| 690 | @aTP312@v4 | |
| 690 | @aTP312@v3 | |
| 702 | 0 | @a贺安亚@Ahe an ya@4编著 |
| 702 | 0 | @a周爱民@Azhou ai min@4编著 |
| 702 | 0 | @a李彦强@Ali yan qiang@4编著 |
| 711 | 02 | @a全国计算机表演赛培训教材编委会@Aquan guo ji suan ji biao yan sai pei xun jiao cai bian wei hui@4组织编写 |
| 801 | 0 | @aCN@bCCAU@c20050603 |
| 905 | @a10447@dTP312@eQ890 | |
| 906 | @dCNY29.00 (含光盘@n0@r1 | |
| 998 | @aCCAU | |
| Visual Basic编程基础与应用实例/全国计算机表演赛培训教材编委会组织编写.-北京:机械工业出版社,2003.03 |
| 225页:图 (部分彩图);26cm+光盘1片 |
| ISBN 7-111-11730-1:CNY 29.00 |
| ● |
| 相关链接 |
|
|
|
正题名:Visual Basic编程基础与应用实例
索取号:TP312/Q890
 
预约/预借
| 序号 | 登录号 | 条形码 | 馆藏地/架位号 | 状态 | 备注 |
| 1 | 530338 | 205303385 | 期刊室512/301自科库 76排1列3层/ [索取号:TP312/Q890] | 在馆 | |
| 2 | 530339 | 205303394 | 期刊室512/301自科库 76排1列3层/ [索取号:TP312/Q890] | 在馆 |